• 首页
  • 本馆介绍
  • 公告通知
  • 最新文献
  • 馆藏检索
  • 电子资源
  • 读者导购
  • 参考咨询
  • 我的图书馆
  • 登录
  • 详细信息显示
  • 放入我的书架
  • 预约/预借图书
  • 作者相关作品
  • 分类相关作品
  • 丛书相关作品
  • 出版社相关作品

书目信息

  • 表格格式
  • 工作单格式
  • 卡片格式
题名:
历史辩证法论集
    
 
作者: 吴江 著
分册:  
出版信息: 北京   人民出版社  1978
页数: 454页
开本: 20cm
丛书名:
单 册:
中图分类: B03-53 , B02
科图分类:
主题词: 辩证唯物主义--文集
电子资源:
ISBN:
000 00573nam0 2200229 45
001 1237712156
005 20090929161818.64
010    @dCNY1.20
091    @aCN@b2001.174
100    @a19950712d1978 emky0chiy0121 ea
101 0  @achi
102    @aCN@b110000
105    @ay z 000yy
200 10 @a历史辩证法论集@Ali shi bian zheng fa lun ji@f吴江著
210    @a北京@c人民出版社@d1978
215    @a454页@d20cm
606 0  @a辩证唯物主义@x文集
690    @aB03-53@v3
690    @aB02@v4
701  0 @a吴江@Awu jiang@4著
801  0 @aCN@bTSSF
905    @a10447@dB02@eJY7
    
    历史辩证法论集/吴江著.-北京:人民出版社,1978
    454页;20cm
    
    
    ISBN :CNY1.20
    
●
相关链接 在E读中查询图书 在五车中查询图书 在当当中查询图书 在豆瓣中查询图书


正题名:历史辩证法论集     索取号:B02/JY7         预约/预借

序号 登录号 条形码 馆藏地/架位号 状态 备注
1 7809576   278095767   学院路分馆/ [索取号:B02/JY7] 在馆    
2 7809577   278095776   学院路分馆/ [索取号:B02/JY7] 在馆    
唐山师范学院图书馆 欢迎您!
大连网信软件有限公司© 版权所有